| 000 | 01061nas a2200397 4500 | ||
|---|---|---|---|
| 001 | BR8603340 | ||
| 003 | BR-BrBNA | ||
| 005 | 20231205090533.0 | ||
| 007 | ta | ||
| 008 | 230509b bl.|||p| |||| 00| 00por d | ||
| 040 |
_aBR-BrBNA _bpor _cBiblioteca Nacional de Agricultura |
||
| 041 | _a(Pt) | ||
| 072 | _aF01; H20; H10 | ||
| 100 | 1 | _aKluthcouski, J. | |
| 100 | 1 | _aSeijas, C.A.R. | |
| 100 | 1 | _aAloisio, S. | |
| 100 | 1 | _aYokoyama, M. | |
| 100 | 1 | _aGuazzelli, R.J. | |
| 100 | 1 | _aSeguy, L. | |
| 245 | 1 | _aPraticas basicas para nao errar na lavoura de feijao | |
| 650 | _aFEIJAO | ||
| 650 | _aLAVOURA | ||
| 650 | _aROTACAO DE CULTURA | ||
| 650 | _aANTRACNOSE | ||
| 650 | _aFERRUGEM | ||
| 650 | _aMANCHA ANGULAR | ||
| 650 | _aOIDIO | ||
| 650 | _aMOSAICO DOURADO | ||
| 650 | _aVAQUINHA | ||
| 650 | _aLAGARTA DA FOLHA | ||
| 650 | _aCIGARRINHA VERDE | ||
| 650 | _aCARUNCHO | ||
| 773 | 0 |
_tGranja (Brazil) _xISSN 0367-505X _g(Feb 1986), v. 42(457) p. 28-37 _wBR8603340 |
|
| 909 |
_a202311 _bLúcia _c55 _dLúcia Elande |
||
| 942 |
_2AGRIS _n0 _cANA |
||
| 999 |
_c119140 _d119140 |
||